| 000 | 00615nam a2200217 a 4500 | ||
|---|---|---|---|
| 001 | 67659 | ||
| 003 | BD-RjUL | ||
| 005 | 20211209081659.0 | ||
| 008 | 680301s1968 njua b 001 0 eng | ||
| 035 | _a(BD-RjUL)67868 | ||
| 040 |
_aDLC _cDLC _dDLC _dBD-RjUL _beng |
||
| 041 | _aeng | ||
| 082 | 0 | 0 |
_223 _a552 _bBAI 1968 |
| 100 | 1 |
_aBayly, M. Brian _d1929- _9200595 |
|
| 245 | 1 | 0 |
_aIntroduction to petrology / _cBrian Bayly |
| 260 |
_aEnglewood Cliffs, N.J. : _bPrentice-Hall, _c1968 |
||
| 300 |
_axix, 371 p. : _bill. ; _c24 cm. |
||
| 504 | _aBibliography and index | ||
| 650 | 0 |
_aPetrology. _9200596 |
|
| 942 |
_2ddc _cBK |
||
| 999 |
_c67659 _d67659 |
||